000 00657nam a2200181Ia 4500
008 151202s9999||||xx |||||||||||||| ||und||
082 _bPNVM-49867
100 _aभैरप्पा एस्. एल्. /अनु. कुलकर्णी उमा.
245 _aमंद्र्र.
260 _b---
260 _c0
300 _a0
600 _aभैरप्पा एस्. एल्. /अनु. कुलकर्णी उमा.
630 _aमंद्र्र.
700 _aभैरप्पा एस्. एल्. /अनु. कुलकर्णी उमा.
730 _aमंद्र्र.
942 _cBOOK
999 _c1316279
_d1316276